00369nam a2200133Ia 4500003000400000008004100004020002700045040000800072100001900080245008100099260002800180300001500208365001200223LDD181029s9999 xx 000 0 und d a9780415401838cP 19.99 cLDD aBurnell, Peter 0aGlobalising democracybparty politics in emerging democraciescPeter Burnell aLondonbRoutledgec2006 axii, 226p. bP 19.99